<?xml version="1.0" encoding="UTF-8"?>
<record
    xmlns:xsi="http://www.w3.org/2001/XMLSchema-instance"
    xsi:schemaLocation="http://www.loc.gov/MARC21/slim http://www.loc.gov/standards/marcxml/schema/MARC21slim.xsd"
    xmlns="http://www.loc.gov/MARC21/slim">

  <leader>01444nam a22002297a 4500</leader>
  <controlfield tag="003">BJBSDDR</controlfield>
  <controlfield tag="005">20260511175919.0</controlfield>
  <controlfield tag="006">a|||||r|||| 00| 0 </controlfield>
  <controlfield tag="007">ta</controlfield>
  <controlfield tag="008">260511s20011990nyu|||||r|||| 00| 0 eng d</controlfield>
  <datafield tag="020" ind1=" " ind2=" ">
    <subfield code="a">9780802144652</subfield>
  </datafield>
  <datafield tag="040" ind1=" " ind2=" ">
    <subfield code="b">spa</subfield>
    <subfield code="c">BJBSDDR</subfield>
  </datafield>
  <datafield tag="041" ind1=" " ind2=" ">
    <subfield code="a">eng</subfield>
  </datafield>
  <datafield tag="050" ind1=" " ind2=" ">
    <subfield code="b">C521h 2001</subfield>
  </datafield>
  <datafield tag="100" ind1="1" ind2=" ">
    <subfield code="a">Chernow, Ron,</subfield>
    <subfield code="q">(Ronald), </subfield>
    <subfield code="d">1949-</subfield>
    <subfield code="9">6882</subfield>
  </datafield>
  <datafield tag="245" ind1="1" ind2="4">
    <subfield code="a">The house of Morgan :</subfield>
    <subfield code="b">an American banking dynasty and the rise of modern finance /</subfield>
    <subfield code="c">Ron Chernow.</subfield>
  </datafield>
  <datafield tag="260" ind1=" " ind2=" ">
    <subfield code="a">New York :</subfield>
    <subfield code="b"> Grove Press, </subfield>
    <subfield code="c">2001</subfield>
  </datafield>
  <datafield tag="300" ind1=" " ind2=" ">
    <subfield code="a">xvii, 812 pages :</subfield>
    <subfield code="b">illustrations ;</subfield>
    <subfield code="c"> 23 cm</subfield>
  </datafield>
  <datafield tag="520" ind1=" " ind2=" ">
    <subfield code="a">Tells the story of four generations of Morgans and the powerful, secretive firms they spawned that would transform the modern financial world. Tracing the trajectory of J.P. Morgan's empire from its obscure beginnings in Victorian London to the financial crisis of 1987, Chernow paints a portrait of the family's private saga and the rarefied world of the American and British elite in which they moved, including Charles Lindbergh, Henry Ford, Franklin Roosevelt, Nancy Astor, and Winston Churchill. An account of a remarkable institution and the men who ran it, this book provides a look at the real power -- the money -- behind the historical events, the eminent statesmen, and the industrial empires that have transformed the world in the last century and a half. --Publisher description.</subfield>
  </datafield>
  <datafield tag="942" ind1=" " ind2=" ">
    <subfield code="2">lcc</subfield>
    <subfield code="n">0</subfield>
    <subfield code="c">BK</subfield>
  </datafield>
  <datafield tag="946" ind1=" " ind2=" ">
    <subfield code="i">llh</subfield>
  </datafield>
  <datafield tag="999" ind1=" " ind2=" ">
    <subfield code="c">127051</subfield>
    <subfield code="d">127051</subfield>
  </datafield>
  <datafield tag="952" ind1=" " ind2=" ">
    <subfield code="0">0</subfield>
    <subfield code="1">0</subfield>
    <subfield code="2">lcc</subfield>
    <subfield code="4">0</subfield>
    <subfield code="7">0</subfield>
    <subfield code="8">APT</subfield>
    <subfield code="a">BJB</subfield>
    <subfield code="b">BJB</subfield>
    <subfield code="c">APT</subfield>
    <subfield code="d">2026-05-11</subfield>
    <subfield code="l">0</subfield>
    <subfield code="o">C521h 2001</subfield>
    <subfield code="p">00000200082</subfield>
    <subfield code="r">2026-05-11 17:59:35</subfield>
    <subfield code="t">1</subfield>
    <subfield code="w">2026-05-11</subfield>
    <subfield code="y">BK</subfield>
  </datafield>
</record>
